| 000 | 00927nas a2200289 4500 | ||
|---|---|---|---|
| 001 | BR2018000588 | ||
| 003 | BR-BrBNA | ||
| 005 | 20231205131251.0 | ||
| 007 | ta | ||
| 008 | 230509b bl.|||p| |||| 00| 00por d | ||
| 040 |
_aBR-BrBNA _bpor _cBiblioteca Nacional de Agricultura |
||
| 041 | _a(En) | ||
| 072 | _aL10 | ||
| 100 | 1 | _aUtrera, A.R. | |
| 100 | 1 | _aMurillo, V.E.V. | |
| 100 | 1 | _aBermúdez, M.M. | |
| 100 | 1 | _aVelázquez, G.M. | |
| 100 | 1 | _aPonce, S.I.R. | |
| 245 | 1 | _aGenetic diversity assessment of the Mexican Simmental population through pedigree analysis | |
| 650 | _aENDOGAMIA | ||
| 650 | _aGADO SIMENTAL | ||
| 650 | _aVARIAÇÃO GENÉTICA | ||
| 773 | 0 |
_tRevista Brasileira de Zootecnia (Brazil) _xISSN 1806-9290 _g(2018), v. 47 p. 1-6 _wBR2018000588 |
|
| 856 | 4 | 0 | _uhttp://www.scielo.br/pdf/rbz/v47/1806-9290-rbz-rbz4720160088.pdf |
| 909 |
_a202311 _bLúcia _c55 _dLúcia Elande |
||
| 942 |
_2AGRIS _n0 _cANA |
||
| 999 |
_c253887 _d253887 |
||